Sistemas de información y gestión para la administración local (Registro nro. 3054)

Detalles MARC
000 -LEADER
fixed length control field 01766 a2200205 4500
001 - CONTROL NUMBER
control field 39476
005 - DATE AND TIME OF LATEST TRANSACTION
control field 20260407155653.0
008 - FIXED-LENGTH DATA ELEMENTS--GENERAL INFORMATION
fixed length control field 260407a1988 arg spa d
003 - CONTROL NUMBER IDENTIFIER
control field AR-UNSa-BCEJYS
040 ## - CATALOGING SOURCE
Original cataloging agency AR-UNSa-BCEJYS
Language of cataloging spa
Transcribing agency AR-UNSa-BCEJYS
080 ## - UNIVERSAL DECIMAL CLASSIFICATION NUMBER
Universal Decimal Classification number 658.011.56
Common auxiliary subdivision Automatización
020 ## - INTERNATIONAL STANDARD BOOK NUMBER
International Standard Book Number 84-7088-469-7
100 1# - MAIN ENTRY--PERSONAL NAME
Personal name Forn I Foxa, Manuel de
245 10 - TITLE STATEMENT
Title Sistemas de información y gestión para la administración local
264 #1 - PRODUCTION, PUBLICATION, DISTRIBUTION, MANUFACTURE, AND COPYRIGHT NOTICE
Place of production, publication, distribution, manufacture Madrid :
Name of producer, publisher, distributor, manufacturer Instituto Nacional de Administración Pública (INAP)
Date of production, publication, distribution, manufacture, or copyright notice 1988
300 ## - PHYSICAL DESCRIPTION
Extent 400 p.
Dimensions 21 cm.
505 ## - FORMATTED CONTENTS NOTE
Formatted contents note 1. La administración local desde la perspectiva del tratamiento de la información.Modelo de funcionamiento y descripción de los sistemas de información - 2. La administración local como organización.Principales sistemas de información y forma de gestión - 3. Gestión de personal - 4. Gestión prespuestaria - 5. Gestión de recursos físicos: intendencia y patrimonio - 6. Gestión de recursos e indicadores de resultados - 7. Gestión diaria: documentos, expedientes, circuitos y automatización integral de oficinas - 8. El entorno sobre el que actúa la administración: Unidades básicas de información y relaciones entre las mismas - 9. Áreas de tratamiento de la información para la gestión de la ciudad - 10. El sistema de información territorial - 11. Estándares de información y sistemas de uso general - 12. Sistemas de información para la gestión de la infraestructura urbana - 15. Sistemas para la planificación y la programación de las actividades municipales. El conocimiento y la intervención sobre la ciudad - 17. Consecuencias de la tecnificación y la modernización .Incidencia sobre la estructura
590 ## - LOCAL NOTE (RLIN)
Local note niveau_biblio:m niveau_hierar:0
942 ## - ADDED ENTRY ELEMENTS (KOHA)
Koha item type
Existencias
Withdrawn status Lost status Damaged status Not for loan Home library Current library Shelving location Date acquired Total checkouts Full call number Barcode Date last seen Price effective from Koha item type
        Biblioteca Prof. Eusebio Cleto del Rey Biblioteca Prof. Eusebio Cleto del Rey   07/04/2026   658.011.56 F727 L58256 07/04/2026 07/04/2026 Libro